Survivor: Redemption Island Cast By Who Voted Them Out Quiz Stats

 Plays Quiz not verified by Sporcle

Challenge
Share
Tweet
Embed
Score 0/10 Timer 06:00
0 Plays Today
Votes Against Castaway % Correct
Andrea, Ashley, Grant, Natalie, Phillip, RobMatt, Mike, David, Julie, Ralph & Steve
95.7%
Natalie, Phillip, RobAshley
95.7%
Ashley, Natalie, Phillip, RobGrant & Andrea
95%
David, Julie, Mike, Ralph, Sarita, SteveRussell & Krista
91.9%
Julie, Mike, Ralph, Sarita, SteveStephanie
91.9%
David, Julie, Mike, SteveSarita
90.7%
Andrea, Ashley, Natalie, PhillipKristina
90.1%
Ashley, Grant, Natalie, RobMatt
88.2%
Grant, Matt, Phillip, RobFrancesca
87.6%
Ashley, Grant, Natalie, Phillip, RobAndrea
87%

You're not logged in!

Compare scores with friends on all Sporcle quizzes.
OR
Log In

You Might Also Like...

Show Comments

Extras

Top Quizzes Today


Score Distribution

Your Account Isn't Verified!

In order to create a playlist on Sporcle, you need to verify the email address you used during registration. Go to your Sporcle Settings to finish the process.

Report this User

Report this user for behavior that violates our Community Guidelines.

Details: